| 000 | 00533nam a22001697a 4500 | ||
|---|---|---|---|
| 003 | NUST - PNEC | ||
| 005 | 20170116180750.0 | ||
| 008 | 150309b xxu||||| |||| 00| 0 eng d | ||
| 040 | _cLIBRARY | ||
| 082 | _a297.32 MOH | ||
| 100 |
_91671 _aMohsin Akhtar |
||
| 245 |
_aKitab ul Haj : Ahikamat e Haj wa Umrah Allah aur Rasool e Pak ke Ahikamat ke mutabiq _cLt. Cdr. (R) Mohsin Akhtar |
||
| 260 |
_aKarachi : _bIslamic Research Academy; _cc2013. |
||
| 300 |
_a72 p. : _c22 cm. |
||
| 650 |
_91672 _aHaj w Umrah, Islam |
||
| 942 |
_2ddc _cBK |
||
| 999 |
_c62528 _d62528 |
||